000 00650nam a22002177a 4500
003 OSt
005 20140310182314.0
008 130313t xxu||||| |||| 00| 0 eng d
020 _a0816718806
050 _aPZ 7
_b.J1543Tw 1990
082 _aGS 823
_bV59t 1990
100 _aVerne, Jules
245 _aTwenty thousand leagues under the sea /
_cJules Verne ; retold by Raymond James, illustrated by Wayne Geehan
260 _aMahwah, N.J.,
_bTroll Associates,
_c1990.
300 _a47 p. :
_c28 cm.
650 _aSea stories
_xfiction.
_921001
650 _aSumarines
_xfiction.
_921002
942 _2lcc
_cBK-GS
999 _c11726
_d11726